Library Banner

تحریک آزادی ہند اور مسلمان (Record no. 77326)

MARC details
000 -LEADER
fixed length control field 00500nam a22001577a 4500
005 - DATE AND TIME OF LATEST TRANSACTION
control field 20151013145006.0
008 - FIXED-LENGTH DATA ELEMENTS--GENERAL INFORMATION
fixed length control field 151013b xxu||||| |||| 00| 0 eng d
040 ## - CATALOGING SOURCE
Transcribing agency PK-LaUMT
082 ## - DEWEY DECIMAL CLASSIFICATION NUMBER
Classification number KHC 954.035
Item number ABU-T
100 ## - MAIN ENTRY--PERSONAL NAME
Personal name ابوالاعلی مودودی
245 ## - TITLE STATEMENT
Title تحریک آزادی ہند اور مسلمان
Statement of responsibility, etc ابوالاعلی مودودی
260 ## - PUBLICATION, DISTRIBUTION, ETC. (IMPRINT)
Place of publication, distribution, etc لاہور
Name of publisher, distributor, etc اسلامک پبلیکیشنز
Date of publication, distribution, etc 1979
300 ## - PHYSICAL DESCRIPTION
Extent 494 ص
700 ## - ADDED ENTRY--PERSONAL NAME
Personal name خورشید احمد(ترتیب
942 ## - ADDED ENTRY ELEMENTS (KOHA)
Koha item type Books
Holdings
Withdrawn status Lost status Damaged status Home library Current library Date acquired Full call number Barcode Date last seen Price effective from Koha item type
      UMT Main Campus UMT Main Campus 2015-10-13 KHC 954.035 ABU-T 63167 2015-10-13 2015-10-13 Books